[Event "Milan SSM op-B 08"]
[Site "Milan"]
[Date "2015.08.05"]
[Round "7"]
[White "Carbone, Lorenzo"]
[Black "Bossoni, Alessandra"]
[Result "0-1"]
[WhiteElo "1596"]
[BlackElo "1456"]
[PlyCount "84"]
[EventDate "2015.07.31"]
[EventType "swiss"]
[EventRounds "7"]
[EventCountry "ITA"]
[SourceTitle "EXT 2022"]
[Source "ChessBase"]
[SourceDate "2021.10.06"]
[SourceVersion "1"]
[SourceVersionDate "2021.10.06"]
[SourceQuality "1"]

1. e4 d6 2. d4 Nf6 3. Bd3 g6 4. Nf3 Bg7 5. 0-0 0-0 6. h3 Nc6 7. c3 e5 8. Be3 Re8 9. d5 Ne7 10. Na3 Rf8 11. Qd2 Ne8 12. Bh6 f5 13. Bxg7 Kxg7 14. Qe2 fxe4 15. Bxe4 Nf6 16. c4 Nxe4 17. Qxe4 Bf5 18. Qe3 Bd7 19. Rad1 Nf5 20. Qe4 c6 21. Nc2 cxd5 22. cxd5 Qb6 23. b3 Ng3 24. Qh4 Nxf1 25. Rxf1 Qd8 26. Qb4 Bxh3 27. Qxb7+ Qd7 28. Qb4 Rxf3 29. gxf3 Bxf1 30. Kxf1 Qh3+ 31. Ke2 Qd7 32. Ne3 Rf8 33. Qh4 Qb5+ 34. Nc4 Qxd5 35. Qg4 Rf4 36. Qd7+ Rf7 37. Qg4 Qb5 38. Ke3 Qc5+ 39. Ke2 Qd4 40. Qe6 Qf4 41. Qh3 e4 42. Nd2 exf3+ 0-1

[Event "Robecchetto op-B 26th"]
[Site "Robecchetto"]
[Date "2015.07.26"]
[Round "4"]
[White "Koureas, Panicos"]
[Black "Carbone, Lorenzo"]
[Result "1/2-1/2"]
[WhiteElo "1429"]
[BlackElo "1596"]
[PlyCount "68"]
[EventDate "2015.07.24"]
[EventType "swiss"]
[EventRounds "5"]
[EventCountry "ITA"]
[SourceTitle "EXT 2023"]
[Source "ChessBase"]
[SourceDate "2022.10.05"]
[SourceVersion "1"]
[SourceVersionDate "2022.10.05"]
[SourceQuality "1"]

1. e4 c5 2. Nc3 Nc6 3. f4 e6 4. Nf3 d5 5. Bb5 a6 6. Bxc6+ bxc6 7. e5 Be7 8. d3 Nh6 9. 0-0 0-0 10. h3 a5 11. Na4 Ba6 12. b3 Nf5 13. c4 Qc7 14. Qe1 Bb7 15. Ba3 Nd4 16. Qf2 Nxf3+ 17. Qxf3 Rfd8 18. Bxc5 Bxc5+ 19. Nxc5 Qb6 20. Qf2 Qc7 21. d4 Ba6 22. f5 exf5 23. Qxf5 Bc8 24. e6 Bxe6 25. Nxe6 fxe6 26. Qxe6+ Kh8 27. Rf7 Qg3 28. Raf1 h6 29. c5 Re8 30. Qxc6 Qe3+ 31. Kh1 Qxd4 32. R7f4 Qd2 33. R4f2 Qd4 34. Rf4 Qd2 1/2-1/2

[Event "Robecchetto op-B 26th"]
[Site "Robecchetto"]
[Date "2015.07.25"]
[Round "3"]
[White "Carbone, Lorenzo"]
[Black "Puricelli, Giancarlo"]
[Result "0-1"]
[WhiteElo "1596"]
[BlackElo "1683"]
[PlyCount "108"]
[EventDate "2015.07.24"]
[EventType "swiss"]
[EventRounds "5"]
[EventCountry "ITA"]
[SourceTitle "EXT 2023"]
[Source "ChessBase"]
[SourceDate "2022.10.05"]
[SourceVersion "1"]
[SourceVersionDate "2022.10.05"]
[SourceQuality "1"]

1. e4 b6 2. d4 Bb7 3. Nc3 e6 4. Bd3 Bb4 5. Bd2 Nf6 6. Qe2 Be7 7. Nf3 d6 8. 0-0 Nbd7 9. a4 a5 10. Rfe1 c5 11. Bb5 0-0 12. d5 e5 13. Rad1 Nb8 14. Bg5 Na6 15. h3 Ne8 16. Bxe7 Qxe7 17. Qd2 Nb4 18. Ne2 Na6 19. Ng3 g6 20. Bxe8 Rfxe8 21. Qh6 Qf8 22. Qg5 Qe7 23. Qh6 Qf8 24. Qg5 h6 25. Qd2 Kh7 26. Nh2 Bc8 27. f4 Qg7 28. fxe5 Qxe5 29. Ng4 Bxg4 30. hxg4 Qxg3 31. Qe2 Nc7 32. Rd3 Qe5 33. Rf3 Rf8 34. Qf2 Qd4 35. Ree3 Kg7 36. c3 Qe5 37. Rf4 Rae8 38. Rh3 Nxd5 39. exd5 Qe1+ 40. Qxe1 Rxe1+ 41. Rf1 Re4 42. b3 Rxg4 43. Re3 Rg5 44. Rd1 Re5 45. Rxe5 dxe5 46. Kf2 f5 47. Ke3 Kf6 48. d6 Rd8 49. d7 Ke6 50. Rb1 Rxd7 51. b4 cxb4 52. cxb4 f4+ 53. Ke2 Rd4 54. bxa5 bxa5 0-1

[Event "Robecchetto op-B 26th"]
[Site "Robecchetto"]
[Date "2015.07.24"]
[Round "1"]
[White "Carbone, Lorenzo"]
[Black "Gil Ojeda, Jorge"]
[Result "1-0"]
[WhiteElo "1596"]
[BlackElo "1285"]
[PlyCount "93"]
[EventDate "2015.07.24"]
[EventType "swiss"]
[EventRounds "5"]
[EventCountry "ITA"]
[SourceTitle "EXT 2023"]
[Source "ChessBase"]
[SourceDate "2022.10.05"]
[SourceVersion "1"]
[SourceVersionDate "2022.10.05"]
[SourceQuality "1"]

1. e4 c5 2. Nf3 Nc6 3. d4 cxd4 4. Nxd4 g6 5. Bc4 Bg7 6. Be3 Nf6 7. Nc3 0-0 8. Qd2 Ng4 9. Nxc6 bxc6 10. Bd4 Bxd4 11. Qxd4 Qb6 12. Qxb6 axb6 13. Be2 d6 14. h3 Nf6 15. f4 h5 16. Bf3 Bb7 17. 0-0 Nd7 18. Rfe1 f6 19. Ne2 h4 20. Nd4 e5 21. Ne2 f5 22. exf5 gxf5 23. fxe5 Nxe5 24. Rf1 Nc4 25. b3 Ne3 26. Rfc1 f4 27. Kf2 Rae8 28. Nd4 d5 29. c4 c5 30. Nb5 Re7 31. cxd5 Bxd5 32. Bxd5+ Nxd5 33. Re1 Rfe8 34. Rxe7 Rxe7 35. Re1 Rxe1 36. Kxe1 Kf7 37. Kf2 Kf6 38. Kf3 Kf5 39. Nd6+ Ke5 40. Nc4+ Kf5 41. a4 Nc7 42. Nxb6 Ne6 43. a5 Nd4+ 44. Kf2 Nxb3 45. a6 Nc1 46. a7 Nd3+ 47. Kf1 1-0

[Event "Milan Expo op"]
[Site "Milan"]
[Date "2015.06.28"]
[Round "9"]
[White "Siraco, Maurizio"]
[Black "Carbone, Lorenzo"]
[Result "1-0"]
[WhiteElo "2138"]
[BlackElo "1596"]
[PlyCount "61"]
[EventDate "2015.06.20"]
[EventType "swiss"]
[EventRounds "9"]
[EventCountry "ITA"]
[SourceTitle "CBM 167 Extra"]
[Source "ChessBase"]
[SourceDate "2015.09.14"]
[SourceVersion "1"]
[SourceVersionDate "2015.09.14"]
[SourceQuality "1"]

1. e4 c5 2. Nf3 d6 3. c3 Nc6 4. d4 cxd4 5. cxd4 e6 6. Nc3 Nf6 7. Bd3 Be7 8. 0-0 0-0 9. h3 a6 10. Qe2 e5 11. Be3 Bd7 12. Rad1 Qc7 13. Nd5 Nxd5 14. exd5 Nb4 15. Rc1 Qb8 16. Bc4 Rc8 17. a3 Rxc4 18. Qxc4 e4 19. Ne1 Nd3 20. Nxd3 exd3 21. a4 b5 22. Qxd3 bxa4 23. Qa3 Bb5 24. Rfe1 Qb7 25. Bf4 Rd8 26. Qe3 Bf8 27. Qf3 Qa7 28. Rc3 g6 29. Rec1 Qb6 30. Bg5 Rd7 31. Qf6 1-0

[Event "Milan Expo op"]
[Site "Milan"]
[Date "2015.06.25"]
[Round "6"]
[White "Villalba, Fernando"]
[Black "Carbone, Lorenzo"]
[Result "1/2-1/2"]
[WhiteElo "1811"]
[BlackElo "1596"]
[PlyCount "82"]
[EventDate "2015.06.20"]
[EventType "swiss"]
[EventRounds "9"]
[EventCountry "ITA"]
[SourceTitle "CBM 167 Extra"]
[Source "ChessBase"]
[SourceDate "2015.09.14"]
[SourceVersion "1"]
[SourceVersionDate "2015.09.14"]
[SourceQuality "1"]

1. d4 d5 2. Nf3 Nf6 3. Bf4 e6 4. e3 Be7 5. Be2 0-0 6. 0-0 b6 7. c3 Nbd7 8. Nbd2 c5 9. Rc1 c4 10. h3 b5 11. Qc2 Bb7 12. Rfe1 b4 13. cxb4 Bxb4 14. a3 Bxd2 15. Nxd2 Re8 16. Bf3 Rc8 17. e4 dxe4 18. Nxe4 Nxe4 19. Bxe4 Bxe4 20. Qxe4 Nf6 21. Qe5 Qb6 22. Rb1 Red8 23. Be3 Rd5 24. Qh2 Rb8 25. Rec1 Rc8 26. Qg3 Ne4 27. Qf3 Nf6 28. Qe2 Qa6 29. Rc2 e5 30. dxe5 Rxe5 31. Rbc1 Nd5 32. Rxc4 Rce8 33. R4c2 Qe6 34. Re1 h6 35. Qf3 Nxe3 36. Rxe3 Rxe3 37. fxe3 Qxe3+ 38. Qxe3 Rxe3 39. Rc8+ Kh7 40. Rc7 Kg6 41. Rxa7 Rb3 1/2-1/2

[Event "Ceriano Laghetto op-B 24th"]
[Site "Ceriano Laghetto"]
[Date "2015.03.08"]
[Round "4"]
[White "Tahiraj, Almir"]
[Black "Carbone, Lorenzo"]
[Result "1-0"]
[WhiteElo "1846"]
[BlackElo "1605"]
[PlyCount "39"]
[EventDate "2015.03.06"]
[EventType "swiss"]
[EventRounds "5"]
[EventCountry "ITA"]
[SourceTitle "EXT 2017"]
[Source "ChessBase"]
[SourceDate "2016.10.25"]
[SourceVersion "1"]
[SourceVersionDate "2016.10.25"]
[SourceQuality "1"]

1. f4 Nf6 2. Nf3 e6 3. d4 d5 4. e3 Be7 5. Bd3 b6 6. Qe2 a5 7. Nbd2 0-0 8. 0-0 c5 9. c3 cxd4 10. exd4 Qc7 11. Ne5 Ba6 12. Bxa6 Rxa6 13. Rf3 Ra7 14. Rh3 Nbd7 15. Qd3 g6 16. Ndf3 Rc8 17. Ng5 Rf8 18. Bd2 Kg7 19. Nexf7 Rxf7 20. Nxe6+ 1-0

[Event "Milan Giugno B"]
[Site "Milan"]
[Date "2014.12.05"]
[Round "2"]
[White "Carbone, Lorenzo"]
[Black "Aloe, Giancarlo"]
[Result "1/2-1/2"]
[WhiteElo "1654"]
[BlackElo "1693"]
[PlyCount "47"]
[EventDate "2014.05.29"]
[EventType "swiss"]
[EventRounds "6"]
[EventCountry "ITA"]
[SourceTitle "EXT 2024"]
[Source "ChessBase"]
[SourceDate "2023.10.10"]
[SourceVersion "1"]
[SourceVersionDate "2023.10.10"]
[SourceQuality "1"]

1. e4 c5 2. Nf3 e6 3. d4 cxd4 4. Nxd4 Nf6 5. Nc3 a6 6. Be2 Nc6 7. Be3 Be7 8. 0-0 0-0 9. f4 d6 10. a3 Qc7 11. Qe1 b5 12. Bf3 Bb7 13. Qf2 Rac8 14. Rad1 Na5 15. Ndxb5 axb5 16. Bb6 Qb8 17. Bxa5 d5 18. Qe1 Qa7+ 19. Kh1 Qxa5 20. exd5 Nxd5 21. Bxd5 Bxd5 22. Nxd5 Qa7 23. Nxe7+ Qxe7 24. c3 1/2-1/2

[Event "Mortara op 4th"]
[Site "Mortara"]
[Date "2014.09.19"]
[Round "1"]
[White "Carbone, Lorenzo"]
[Black "Vuelban, Virgilio"]
[Result "0-1"]
[WhiteElo "1668"]
[BlackElo "2303"]
[PlyCount "74"]
[EventDate "2014.09.19"]
[EventType "swiss"]
[EventRounds "5"]
[EventCountry "ITA"]
[SourceTitle "EXT 2016"]
[Source "ChessBase"]
[SourceDate "2015.10.08"]
[SourceVersion "1"]
[SourceVersionDate "2015.10.08"]
[SourceQuality "1"]

1. e4 c5 2. Nf3 d6 3. d4 cxd4 4. Nxd4 Nf6 5. Nc3 Nc6 6. Nb3 e6 7. Be2 a6 8. 0-0 b5 9. a3 Bb7 10. f4 Be7 11. Bf3 Qc7 12. Qe1 0-0 13. Be3 Nd7 14. Rd1 Nb6 15. Nd2 b4 16. axb4 Nxb4 17. Rc1 Bf6 18. Qf2 Nd7 19. Ndb1 Bc6 20. Rfd1 Rfb8 21. g4 Nb6 22. Bxb6 Rxb6 23. Rxd6 Qxd6 24. e5 Qc7 25. Bxc6 Nxc6 26. exf6 Rxb2 27. g5 Rb4 28. Ne2 Qb6 29. Qxb6 Rxb6 30. Nbc3 a5 31. Na4 Rb4 32. Nec3 gxf6 33. gxf6 Rxf4 34. Nb6 Rd8 35. Ne2 Rb4 36. Kh1 Rxb6 37. Rg1+ Kh8 0-1

[Event "Milan SSM op 07"]
[Site "Milan"]
[Date "2014.07.06"]
[Round "4"]
[White "Bracco, Valter"]
[Black "Carbone, Lorenzo"]
[Result "0-1"]
[WhiteElo "1470"]
[BlackElo "1679"]
[PlyCount "38"]
[EventDate "2014.07.03"]
[EventType "swiss"]
[EventRounds "5"]
[EventCountry "ITA"]
[SourceTitle "EXT 2016"]
[Source "ChessBase"]
[SourceDate "2015.10.08"]
[SourceVersion "1"]
[SourceVersionDate "2015.10.08"]
[SourceQuality "1"]

1. e4 c5 2. Nc3 Nc6 3. g3 Nf6 4. Bg2 e6 5. Nge2 d5 6. d3 Be7 7. 0-0 0-0 8. Nf4 d4 9. Nb1 e5 10. Ne2 Be6 11. h3 Qd7 12. Kh2 c4 13. f4 cxd3 14. cxd3 Qc7 15. fxe5 Qxe5 16. Bf4 Qh5 17. Ng1 Ng4+ 18. Kh1 Nf2+ 19. Rxf2 Qxd1 0-1

[Event "Milan SSM op 07"]
[Site "Milan"]
[Date "2014.07.06"]
[Round "5"]
[White "Invernizzi, Ferruccio"]
[Black "Carbone, Lorenzo"]
[Result "1/2-1/2"]
[WhiteElo "1636"]
[BlackElo "1679"]
[PlyCount "42"]
[EventDate "2014.07.03"]
[EventType "swiss"]
[EventRounds "5"]
[EventCountry "ITA"]
[SourceTitle "EXT 2016"]
[Source "ChessBase"]
[SourceDate "2015.10.08"]
[SourceVersion "1"]
[SourceVersionDate "2015.10.08"]
[SourceQuality "1"]

1. e4 c5 2. d4 cxd4 3. c3 dxc3 4. Nxc3 Nc6 5. Nf3 d6 6. Bc4 e6 7. 0-0 Nf6 8. Qe2 Be7 9. Rd1 e5 10. Be3 0-0 11. h3 a6 12. Rac1 Qc7 13. Bb3 Be6 14. Nd5 Qb8 15. Nb6 Bxb3 16. axb3 Ra7 17. Nd5 Ra8 18. Nb6 Ra7 19. Bg5 Rd8 20. Nc4 Nb4 21. Be3 Ra8 1/2-1/2

[Event "Milan Carnevale op-B 5th"]
[Site "Milan"]
[Date "2014.03.09"]
[Round "6"]
[White "Carbone, Lorenzo"]
[Black "Lavorgna, Francesco"]
[Result "1/2-1/2"]
[WhiteElo "1689"]
[BlackElo "1591"]
[PlyCount "50"]
[EventDate "2014.03.05"]
[EventType "swiss"]
[EventRounds "6"]
[EventCountry "ITA"]
[SourceTitle "EXT 2015"]
[Source "ChessBase"]
[SourceDate "2014.11.20"]
[SourceVersion "1"]
[SourceVersionDate "2014.11.20"]
[SourceQuality "1"]

1. e4 c6 2. c4 d5 3. exd5 cxd5 4. cxd5 Nf6 5. Qa4+ Bd7 6. Bb5 Nxd5 7. Bxd7+ Qxd7 8. Qxd7+ Nxd7 9. a3 e6 10. Nc3 Nf4 11. g3 Nd3+ 12. Kf1 Bc5 13. Nh3 0-0 14. Ke2 N3e5 15. Rd1 Nc6 16. d3 Rac8 17. Be3 Nd4+ 18. Bxd4 Bxd4 19. Rac1 Bxc3 20. Rxc3 Rxc3 21. bxc3 Rc8 22. Rc1 e5 23. Ng5 f6 24. Ne4 Rc6 25. Rb1 b6 1/2-1/2

[Event "Giovanni Pico Cup 7th"]
[Site "Mirandola"]
[Date "2014.01.12"]
[Round "5"]
[White "Santamato, Luigi"]
[Black "Carbone, Lorenzo"]
[Result "1/2-1/2"]
[WhiteElo "1743"]
[BlackElo "1631"]
[PlyCount "46"]
[EventDate "2014.01.10"]
[EventType "swiss"]
[EventRounds "5"]
[EventCountry "ITA"]
[SourceTitle "EXT 2015"]
[Source "ChessBase"]
[SourceDate "2014.11.20"]
[SourceVersion "1"]
[SourceVersionDate "2014.11.20"]
[SourceQuality "1"]

1. d4 d5 2. c4 e6 3. g3 Nf6 4. Bg2 Be7 5. Nf3 0-0 6. 0-0 Nbd7 7. Qc2 b6 8. Nbd2 a5 9. e4 dxe4 10. Nxe4 Bb7 11. Nfg5 Rb8 12. Rd1 h6 13. Nxf6+ Nxf6 14. Nf3 Be4 15. Qe2 Qe8 16. Bf4 Rc8 17. Be5 Bg6 18. Bxf6 Bxf6 19. Ne5 Bxe5 20. dxe5 Qe7 21. Rd2 Rcd8 22. Rad1 Rxd2 23. Rxd2 Rd8 1/2-1/2

[Event "Giovanni Pico Cup 7th"]
[Site "Mirandola"]
[Date "2014.01.10"]
[Round "1"]
[White "Guzzetti, Luigi Enrico"]
[Black "Carbone, Lorenzo"]
[Result "1-0"]
[WhiteElo "1907"]
[BlackElo "1631"]
[PlyCount "79"]
[EventDate "2014.01.10"]
[EventType "swiss"]
[EventRounds "5"]
[EventCountry "ITA"]
[SourceTitle "EXT 2015"]
[Source "ChessBase"]
[SourceDate "2014.11.20"]
[SourceVersion "1"]
[SourceVersionDate "2014.11.20"]
[SourceQuality "1"]

1. e4 c5 2. Nf3 d6 3. d4 cxd4 4. Nxd4 Nf6 5. Nc3 a6 6. Be2 e6 7. Be3 Be7 8. 0-0 b5 9. a3 Bb7 10. f3 Nbd7 11. Qd2 Rc8 12. Rfd1 Qc7 13. Rac1 Ne5 14. Qe1 Nc4 15. Bxc4 Qxc4 16. Qg3 0-0 17. Qf2 Qc7 18. Nb3 Nd7 19. Nd2 Bf6 20. Bd4 Be7 21. Ne2 d5 22. exd5 Bxd5 23. Nc3 Bb7 24. Nce4 e5 25. Be3 f5 26. Bg5 Nf6 27. Nxf6+ Rxf6 28. Qe2 Bc5+ 29. Be3 Rc6 30. Bxc5 Rxc5 31. c3 Qb6 32. Qf2 Qc7 33. Nb3 Rc4 34. Rd2 Rd8 35. Rcd1 Rxd2 36. Qxd2 Qb6+ 37. Kf1 Rc8 38. Qd6 Qe3 39. Qe6+ Kh8 40. Qxc8+ 1-0

[Event "Villa Guardia D Oro Cup 31st"]
[Site "Villa Guardia"]
[Date "2013.11.02"]
[Round "4"]
[White "Puppi, Simone"]
[Black "Carbone, Lorenzo"]
[Result "0-1"]
[WhiteElo "1556"]
[BlackElo "1541"]
[PlyCount "111"]
[EventDate "2013.11.01"]
[EventType "swiss"]
[EventRounds "6"]
[EventCountry "ITA"]
[SourceTitle "EXT 2015"]
[Source "ChessBase"]
[SourceDate "2014.11.20"]
[SourceVersion "1"]
[SourceVersionDate "2014.11.20"]
[SourceQuality "1"]

1. e4 c5 2. Nc3 Nc6 3. g3 Nf6 4. Bg2 e6 5. f4 d5 6. e5 Ng8 7. d3 Nge7 8. Nf3 Nf5 9. 0-0 Be7 10. Ne2 Bd7 11. c3 Rb8 12. g4 Nh6 13. h3 b5 14. d4 b4 15. Be3 bxc3 16. bxc3 c4 17. Ng3 f6 18. exf6 gxf6 19. f5 Nf7 20. fxe6 Bxe6 21. Bf4 Rb6 22. Re1 Qd7 23. Rb1 0-0 24. Rxb6 axb6 25. Re2 Bxg4 26. hxg4 Qxg4 27. Qd2 Bd6 28. Bxd6 Nxd6 29. Kf2 Kh8 30. Nh2 Qh4 31. Bxd5 Qxh2+ 32. Kf3 Nxd4+ 33. Qxd4 Qh6 34. Qf4 Qxf4+ 35. Kxf4 b5 36. Re6 Ne8 37. Rb6 Nc7 38. Bc6 Rd8 39. Bxb5 Nd5+ 40. Kf5 Nxb6 41. Kxf6 Rb8 42. a4 Nd5+ 43. Ke5 Nxc3 44. Bxc4 Nxa4 45. Kf6 Nb6 46. Be6 Rf8+ 47. Ke7 Rf3 48. Ne4 Kg7 49. Nd6 Rf1 50. Nf5+ Kg6 51. Nh4+ Kg5 52. Ng2 h5 53. Ne3 Re1 54. Ng2 Re2 55. Nh4 Kxh4 56. Kf6 0-1

[Event "Crema op 15th"]
[Site "Crema"]
[Date "2013.09.01"]
[Round "6"]
[White "Carbone, Lorenzo"]
[Black "Gorini, Michele"]
[Result "0-1"]
[WhiteElo "1556"]
[BlackElo "1394"]
[PlyCount "124"]
[EventDate "2013.08.30"]
[EventType "swiss"]
[EventRounds "6"]
[EventCountry "ITA"]
[SourceTitle "EXT 2015"]
[Source "ChessBase"]
[SourceDate "2014.11.20"]
[SourceVersion "1"]
[SourceVersionDate "2014.11.20"]
[SourceQuality "1"]

1. e4 b6 2. d4 Bb7 3. Bd3 Nf6 4. Nc3 e6 5. a3 Be7 6. Nf3 c5 7. 0-0 cxd4 8. Nxd4 Nc6 9. Nxc6 Bxc6 10. Bf4 0-0 11. Re1 Rc8 12. Re3 Re8 13. Rg3 d5 14. exd5 Bxd5 15. Qe2 Bd6 16. Bxd6 Qxd6 17. Rd1 Qf4 18. Re1 Bc4 19. h3 Bxd3 20. Rxd3 Red8 21. Red1 Rxd3 22. Qxd3 h6 23. g3 Qg5 24. Kg2 Nd5 25. Nxd5 exd5 26. Qxd5 Qxd5+ 27. Rxd5 Rxc2 28. Rb5 Kf8 29. Kf3 Ke7 30. Re5+ Kd6 31. Re2 Rc5 32. Rd2+ Ke6 33. Re2+ Re5 34. Rd2 g5 35. g4 f5 36. Rc2 fxg4+ 37. hxg4 Kd5 38. Rc7 a5 39. Rc2 Re6 40. Rc3 Kd4 41. Rc8 Kd3 42. Rc3+ Kd4 43. Rc2 b5 44. Rc7 b4 45. Ra7 bxa3 46. bxa3 Re5 47. Rh7 Kc3 48. Rb7 Kc4 49. a4 Rd5 50. Ke4 Rd4+ 51. Kf3 Rd3+ 52. Ke4 Ra3 53. Kf5 Rxa4 54. Kg6 Kc3 55. f3 Rf4 56. Kxh6 Rxf3 57. Kxg5 a4 58. Kg6 a3 59. g5 a2 60. Ra7 Kb2 61. Kg7 Ra3 62. Rb7+ Kc2 0-1

[Event "Milan SSM op"]
[Site "Milan"]
[Date "2013.07.05"]
[Round "2"]
[White "Colombo, Luca"]
[Black "Carbone, Lorenzo"]
[Result "1-0"]
[WhiteElo "1874"]
[BlackElo "1576"]
[PlyCount "83"]
[EventDate "2013.07.04"]
[EventType "swiss"]
[EventRounds "5"]
[EventCountry "ITA"]
[SourceTitle "EXT 2015"]
[Source "ChessBase"]
[SourceDate "2014.11.20"]
[SourceVersion "1"]
[SourceVersionDate "2014.11.20"]
[SourceQuality "1"]

1. e4 c5 2. Nc3 Nc6 3. g3 e6 4. Bg2 Nf6 5. Nge2 d5 6. exd5 exd5 7. d4 c4 8. 0-0 g6 9. Bg5 Be7 10. Bxf6 Bxf6 11. Nxd5 Bg7 12. c3 0-0 13. Ne3 Na5 14. Nf4 Bh6 15. Qf3 Rb8 16. Qd5 Qc7 17. Qf3 b5 18. Nfd5 Qd6 19. Qf6 Qxf6 20. Nxf6+ Kh8 21. f4 Rb6 22. Ne4 Re8 23. Nd5 Rb8 24. Rae1 Bf5 25. Nc5 Bf8 26. Ne4 Re6 27. Ng5 Rxe1 28. Rxe1 Kg7 29. Nf3 Nb7 30. Ne5 Nd8 31. g4 Bc8 32. h3 Bd6 33. Rf1 f6 34. Nf3 Bb7 35. Nd2 Nf7 36. f5 Re8 37. fxg6 hxg6 38. Nxf6 Re7 39. Bxb7 Rxb7 40. Ne8+ Kg8 41. Nxd6 Nxd6 42. Rf6 1-0

[Event "Lombardia Region-ch"]
[Site "Saronno"]
[Date "2013.05.26"]
[Round "4"]
[White "Prevedello, Daniele"]
[Black "Carbone, Lorenzo"]
[Result "1-0"]
[WhiteElo "1713"]
[BlackElo "1595"]
[PlyCount "49"]
[EventDate "2013.05.24"]
[EventType "swiss"]
[EventRounds "5"]
[EventCountry "ITA"]
[SourceTitle "EXT 2015"]
[Source "ChessBase"]
[SourceDate "2014.11.20"]
[SourceVersion "1"]
[SourceVersionDate "2014.11.20"]
[SourceQuality "1"]

1. d4 d5 2. c4 e6 3. Nc3 Nf6 4. Bg5 Be7 5. e3 0-0 6. Nf3 b6 7. cxd5 exd5 8. Bd3 Nbd7 9. 0-0 a5 10. Rc1 Ba6 11. Bxa6 Rxa6 12. Nb5 c5 13. dxc5 bxc5 14. Qd3 Rb6 15. a4 Re6 16. Rfd1 Re4 17. Nc3 c4 18. Qc2 Re6 19. Nxd5 Nxd5 20. Rxd5 Qc7 21. Bxe7 Rxe7 22. Rb5 Rc8 23. Qc3 Re6 24. Qxa5 Qc6 25. Nd4 1-0

[Event "Lombardia Region-ch"]
[Site "Saronno"]
[Date "2013.05.25"]
[Round "3"]
[White "Carbone, Lorenzo"]
[Black "Tagliaferri, Valerio"]
[Result "0-1"]
[WhiteElo "1595"]
[BlackElo "1849"]
[PlyCount "70"]
[EventDate "2013.05.24"]
[EventType "swiss"]
[EventRounds "5"]
[EventCountry "ITA"]
[SourceTitle "EXT 2015"]
[Source "ChessBase"]
[SourceDate "2014.11.20"]
[SourceVersion "1"]
[SourceVersionDate "2014.11.20"]
[SourceQuality "1"]

1. e4 e6 2. Nf3 d5 3. exd5 exd5 4. d4 Bd6 5. Bd3 Ne7 6. 0-0 0-0 7. Be3 Nbc6 8. a3 Nf5 9. Nc3 Nce7 10. Nb5 Nxe3 11. fxe3 Bg4 12. Nxd6 Qxd6 13. h3 Bxf3 14. Rxf3 f5 15. Qe1 g6 16. Qf2 Rae8 17. Rf1 Nc8 18. g4 fxg4 19. Rxf8+ Rxf8 20. Qxf8+ Qxf8 21. Rxf8+ Kxf8 22. hxg4 Nd6 23. Kg2 Ke7 24. Kf3 Kf6 25. b3 b5 26. Kf4 h6 27. Kf3 Kg5 28. Kg3 c6 29. Kh3 h5 30. gxh5 gxh5 31. Be2 Nf5 32. c4 bxc4 33. bxc4 dxc4 34. Bxc4 Nxe3 35. Bd3 Nf5 0-1

[Event "Lombardia Region-ch"]
[Site "Saronno"]
[Date "2013.05.25"]
[Round "2"]
[White "Ruggeri, Igor"]
[Black "Carbone, Lorenzo"]
[Result "1/2-1/2"]
[WhiteElo "1578"]
[BlackElo "1595"]
[PlyCount "105"]
[EventDate "2013.05.24"]
[EventType "swiss"]
[EventRounds "5"]
[EventCountry "ITA"]
[SourceTitle "EXT 2015"]
[Source "ChessBase"]
[SourceDate "2014.11.20"]
[SourceVersion "1"]
[SourceVersionDate "2014.11.20"]
[SourceQuality "1"]

1. d4 d5 2. c4 e6 3. Nc3 Nf6 4. Bg5 Be7 5. Nf3 0-0 6. e3 b6 7. Bd3 Bb7 8. 0-0 Nbd7 9. Re1 h6 10. Bh4 Ne4 11. Bxe7 Qxe7 12. Rc1 c5 13. cxd5 exd5 14. Bb5 Rad8 15. Qa4 a5 16. Bc6 Ndf6 17. Bxb7 Qxb7 18. dxc5 Nxc5 19. Qb5 Nfe4 20. Na4 Nxa4 21. Qxa4 Rc8 22. Nd4 Nc5 23. Qb5 Ne6 24. Nc6 Nc7 25. Qb3 Ra8 26. Rc2 a4 27. Qd3 Kh8 28. Rec1 Qa6 29. Qxa6 Nxa6 30. Ne7 Nb4 31. Rc8 Nxa2 32. Rxf8+ Rxf8 33. Ra1 Nb4 34. Rxa4 Nd3 35. g3 Nxb2 36. Rb4 Nd3 37. Rxb6 Ra8 38. Nxd5 Ra2 39. Nf4 Ne5 40. Kg2 Kh7 41. Rb5 f6 42. Rb7 Ng6 43. Ne6 Ne5 44. Rxg7+ Kh8 45. Rc7 Ng4 46. Rc8+ Kh7 47. Nf8+ Kg7 48. Ne6+ Kh7 49. Nd4 Rxf2+ 50. Kg1 Rxh2 51. Rc2 Rxc2 52. Nxc2 Kg6 53. Kg2 1/2-1/2

[Event "Como Province-ch"]
[Site "Villa Guardia"]
[Date "2013.01.20"]
[Round "2"]
[White "Bellotto, Stefano"]
[Black "Carbone, Lorenzo"]
[Result "1/2-1/2"]
[WhiteElo "1998"]
[BlackElo "1725"]
[PlyCount "78"]
[EventDate "2013.01.19"]
[EventType "swiss"]
[EventRounds "6"]
[EventCountry "ITA"]
[SourceTitle "EXT 2014"]
[Source "ChessBase"]
[SourceDate "2013.11.20"]
[SourceVersion "1"]
[SourceVersionDate "2013.11.20"]
[SourceQuality "1"]

1. c4 c5 2. Nf3 Nc6 3. d4 cxd4 4. Nxd4 Nxd4 5. Qxd4 Nf6 6. Nc3 e6 7. e4 d6 8. Be2 Be7 9. 0-0 0-0 10. Be3 e5 11. Qd2 b6 12. Rfd1 Ng4 13. Bxg4 Bxg4 14. f3 Be6 15. b3 a6 16. Qf2 Rb8 17. Rac1 Bh4 18. Qd2 Be7 19. h3 h6 20. f4 f5 21. exf5 Bxf5 22. Nd5 Be4 23. Nxe7+ Qxe7 24. Qxd6 Qxd6 25. Rxd6 exf4 26. Bf2 Rf6 27. Rxf6 gxf6 28. Rd1 Rb7 29. Rd8+ Kf7 30. b4 Ke6 31. Re8+ Kf5 32. Rg8 Bd3 33. c5 bxc5 34. Bxc5 Bc4 35. Rh8 Bxa2 36. Rxh6 Rd7 37. Kf1 Bc4+ 38. Ke1 Bd5 39. Bd4 Bxg2 1/2-1/2

[Event "ITA-ch Regionale Lombardia Seniores"]
[Site "Robecchetto"]
[Date "2012.12.28"]
[Round "3"]
[White "Carbone, Lorenzo"]
[Black "Madaschi, Sergio"]
[Result "1-0"]
[WhiteElo "1745"]
[BlackElo "1516"]
[PlyCount "75"]
[EventDate "2012.12.27"]
[EventType "swiss"]
[EventRounds "6"]
[EventCountry "ITA"]
[SourceTitle "EXT 2024"]
[Source "ChessBase"]
[SourceDate "2023.10.10"]
[SourceVersion "1"]
[SourceVersionDate "2023.10.10"]
[SourceQuality "1"]

1. e4 c5 2. Nf3 d6 3. d4 cxd4 4. Nxd4 Nf6 5. Nc3 a6 6. Be2 e5 7. Nb3 Be7 8. Be3 Be6 9. 0-0 Nbd7 10. f4 Qc7 11. h3 0-0 12. Qe1 b5 13. a3 Nb6 14. Nd2 Rfd8 15. Qf2 Rab8 16. Qg3 exf4 17. Bxf4 Kh8 18. Rad1 Nbd7 19. Nf3 Nh5 20. Qh2 Nxf4 21. Qxf4 Nf6 22. Ng5 h6 23. Nxe6 fxe6 24. Bd3 Rf8 25. Qg3 e5 26. Qg6 Qd7 27. Nd5 Bd8 28. Rf3 Qf7 29. Qg3 Rb7 30. Rdf1 Qe8 31. Kh2 Kh7 32. Ne3 Rbf7 33. Nf5 Bc7 34. Qh4 Qe6 35. Rg3 Qa2 36. Rxg7+ Rxg7 37. Qxh6+ Kg8 38. Qxg7# 1-0